<?xml version='1.0' encoding='UTF-8'?>
  <record xmlns="http://www.loc.gov/MARC21/slim">
    <leader>00000cam a22000007i 4500</leader>
    <controlfield tag="001">ocn150259133</controlfield>
    <controlfield tag="003">OCoLC</controlfield>
    <controlfield tag="005">20250723034413.4</controlfield>
    <controlfield tag="008">061104s1579    gw            000 0 ger d</controlfield>
    <datafield tag="040" ind1=" " ind2=" ">
      <subfield code="a">NLGGC</subfield>
      <subfield code="b">eng</subfield>
      <subfield code="e">rda</subfield>
      <subfield code="e">dcrmr</subfield>
      <subfield code="c">NLGGC</subfield>
      <subfield code="d">QGJ</subfield>
      <subfield code="d">OCLCO</subfield>
      <subfield code="d">QGJ</subfield>
      <subfield code="d">OCLCF</subfield>
      <subfield code="d">OCLCO</subfield>
      <subfield code="d">QGJ</subfield>
    </datafield>
    <datafield tag="029" ind1="0" ind2=" ">
      <subfield code="a">NLGGC</subfield>
      <subfield code="b">297818651</subfield>
    </datafield>
    <datafield tag="035" ind1=" " ind2=" ">
      <subfield code="a">(OCoLC)150259133</subfield>
    </datafield>
    <datafield tag="110" ind1="2" ind2=" ">
      <subfield code="a">Evangelische Reichsstände,</subfield>
      <subfield code="e">author</subfield>
      <subfield code="e">issuing body.</subfield>
      <subfield code="4">aut</subfield>
      <subfield code="4">isb</subfield>
    </datafield>
    <datafield tag="245" ind1="0" ind2="0">
      <subfield code="a">Supplicationes, Erklärungen und Protestationes der Churf. Fürsten und Stände der Augspurgischen Confession verwandt, die Freystellung der Geistlichen belangend, so sie auff underschiedlichen Reichstägen nach einander der Römischen Keyserlichen und Königlichen Maiestet ubergeben. :</subfield>
      <subfield code="b">Sampt ableinung einer Summarischen verzeichnus etlicher erinnerungen, so amn wider die Freystellung fürzubringen der Keyserlichen Maiestet auff dem Reichstag zu Regenspurg Anno 1577. Von Graffen und Herrn der Augspurgischen Confession verwandten Ständ, und derselben Gesandten ubergeben. Darauss erscheinet, dass sie niemals, in den Articul der Geistlichen vorbehalt betreffend, so dem Religionsfrieden zu gesetzt worden, bewilligt, sonder allwegen demselben widersprochen. /</subfield>
      <subfield code="c">Item, Keyser Fernandi Declaration, wie es mit der Geistlichen eigenen Ritterschaft, Stätt und Communen, so der Augspurgischen Confession anhengig der Religion halb gehalten werden sol.</subfield>
    </datafield>
    <datafield tag="246" ind1="3" ind2=" ">
      <subfield code="a">Supplicationes Erklaͤrungen vnd Protestationes der Churf. Fuͤrsten vnd Staͤnde der Augspurgischen Confession verwandt die Freystellung der Geistlichen belangend so sie auff vnderschiedlichen Reichstaͤgen nach einander der Roͤmischen Keyserlichen vnd Koͤniglichen Maiestet vbergeben. Sampt ableinung einer Summarischen verzeichnus etlicher erinnerungen so man wider die Freystellung fuͤrzubringen der Keyserlichen Maiestet auff dem Reichstag zu Regenspurg Anno 1577. Von Graffen und Herrn der Augspurgischen Confession verwandten Ständ, und derselben Gesandten vbergeben. (...).</subfield>
    </datafield>
    <datafield tag="246" ind1="3" ind2="0">
      <subfield code="a">Supplicationes, Erklärungen vnd Protestationes der Churf. Fürsten vnd Stände der Augspurgischen Confession verwandt, die Freystellung der Geistlichen belangend, so sie auff vnderschiedlichen Reichstägen nach einander der Römischen Keyserlichen vnd Königlichen Maiestet vbergeben.</subfield>
    </datafield>
    <datafield tag="246" ind1="3" ind2=" ">
      <subfield code="a">Supplicationes, Erklärungen und Protestationes der Kurfürsten und Stände der Augsburgischen Konfession, die Freistellung der Geistlichen belangend</subfield>
    </datafield>
    <datafield tag="246" ind1="3" ind2=" ">
      <subfield code="a">Abdruck der Deklaration und Erklärung, wie es mit der Geistlichen eigen Ritterschaften, Städt und Kommunen, welche ... der Augsburgischen Konfession Religion anhängig ... der Religion halben hinfüro gehalten werden solle ...</subfield>
    </datafield>
    <datafield tag="246" ind1="3" ind2=" ">
      <subfield code="a">Ablehnung einer summarischen Verzeichnis etlicher Erinnerungen, so man wider die Freistellung fürzubringen</subfield>
    </datafield>
    <datafield tag="246" ind1="3" ind2=" ">
      <subfield code="a">Deklaration, wie es mit der Geistlichen eigenen Ritterschaft, Städt und Kommunen, so der Augsburgischen Konfession anhängig der Religion halb gehalten werden soll</subfield>
    </datafield>
    <datafield tag="264" ind1=" " ind2="1">
      <subfield code="a">[publisher not identified] :</subfield>
      <subfield code="b">[place of publication not identified],</subfield>
      <subfield code="c">M.D.LXXIX. [1579]</subfield>
    </datafield>
    <datafield tag="300" ind1=" " ind2=" ">
      <subfield code="a">105 pages ;</subfield>
      <subfield code="c">4to (20 cm)</subfield>
    </datafield>
    <datafield tag="336" ind1=" " ind2=" ">
      <subfield code="a">text</subfield>
      <subfield code="b">txt</subfield>
      <subfield code="2">rdacontent</subfield>
    </datafield>
    <datafield tag="337" ind1=" " ind2=" ">
      <subfield code="a">unmediated</subfield>
      <subfield code="b">n</subfield>
      <subfield code="2">rdamedia</subfield>
    </datafield>
    <datafield tag="338" ind1=" " ind2=" ">
      <subfield code="a">volume</subfield>
      <subfield code="b">nc</subfield>
      <subfield code="2">rdacarrier</subfield>
    </datafield>
    <datafield tag="340" ind1=" " ind2=" ">
      <subfield code="m">4to</subfield>
      <subfield code="2">rdabf</subfield>
    </datafield>
    <datafield tag="500" ind1=" " ind2=" ">
      <subfield code="a">Date of publication from imprint.</subfield>
    </datafield>
    <datafield tag="500" ind1=" " ind2=" ">
      <subfield code="a">Signatures: A-M⁴ N⁶ (N5 verso and N6 are blank)</subfield>
    </datafield>
    <datafield tag="500" ind1=" " ind2=" ">
      <subfield code="a">With initials, fleuron and tail piece.</subfield>
    </datafield>
    <datafield tag="500" ind1=" " ind2=" ">
      <subfield code="a">For a comparison, see VD16 D 1190.</subfield>
    </datafield>
    <datafield tag="510" ind1="4" ind2=" ">
      <subfield code="a">Verzeichnis der im deutschen Sprachbereich erschienenen Drucke des 16. Jahrhunderts (VD 16),</subfield>
      <subfield code="c">E 4653</subfield>
      <subfield code="u">https://gateway-bayern.de/VD16+E+4653</subfield>
    </datafield>
    <datafield tag="510" ind1="4" ind2=" ">
      <subfield code="3">Deklaration, wie es mit der Geistlichen eigenen Ritterschaft, Städt und Kommunen, so der Augsburgischen Konfession anhängig der Religion halb gehalten werden soll (EST: Abdruck der Deklaration und Erklärung, wie es mit der Geistlichen eigen Ritterschaften, Städt und Kommunen, welche (...)) :</subfield>
      <subfield code="a">Verzeichnis der im deutschen Sprachbereich erschienenen Drucke des 16. Jahrhunderts (VD 16),</subfield>
      <subfield code="c">D 1191</subfield>
      <subfield code="u">https://gateway-bayern.de/VD16+D+1191</subfield>
    </datafield>
    <datafield tag="510" ind1="4" ind2=" ">
      <subfield code="3">Ablehnung einer summarischen Verzeichnis etlicher Erinnerungen, so man wider die Freistellung fürzubringen. :</subfield>
      <subfield code="a">Verzeichnis der im deutschen Sprachbereich erschienenen Drucke des 16. Jahrhunderts (VD 16),</subfield>
      <subfield code="c">E 4627</subfield>
      <subfield code="u">https://gateway-bayern.de/VD16+E+4627</subfield>
    </datafield>
    <datafield tag="630" ind1="0" ind2="0">
      <subfield code="a">Augsburg Confession.</subfield>
    </datafield>
    <datafield tag="600" ind1="0" ind2="0">
      <subfield code="a">Ferdinand</subfield>
      <subfield code="b">I,</subfield>
      <subfield code="c">Holy Roman Emperor,</subfield>
      <subfield code="d">1503-1564.</subfield>
    </datafield>
    <datafield tag="600" ind1="0" ind2="0">
      <subfield code="a">Maximilian</subfield>
      <subfield code="b">II,</subfield>
      <subfield code="c">Holy Roman Emperor,</subfield>
      <subfield code="d">1527-1576.</subfield>
    </datafield>
    <datafield tag="600" ind1="0" ind2="7">
      <subfield code="a">Ferdinand</subfield>
      <subfield code="b">I,</subfield>
      <subfield code="c">Holy Roman Emperor,</subfield>
      <subfield code="d">1503-1564</subfield>
      <subfield code="2">fast</subfield>
      <subfield code="1">https://id.oclc.org/worldcat/entity/E39PBJdRBPFX6gWWw8D7KydxXd</subfield>
    </datafield>
    <datafield tag="600" ind1="0" ind2="7">
      <subfield code="a">Maximilian</subfield>
      <subfield code="b">II,</subfield>
      <subfield code="c">Holy Roman Emperor,</subfield>
      <subfield code="d">1527-1576</subfield>
      <subfield code="2">fast</subfield>
      <subfield code="1">https://id.oclc.org/worldcat/entity/E39PBJppC76796dVYgjk8CV6Kd</subfield>
    </datafield>
    <datafield tag="630" ind1="0" ind2="7">
      <subfield code="a">Augsburg Confession</subfield>
      <subfield code="2">fast</subfield>
    </datafield>
    <datafield tag="700" ind1="0" ind2=" ">
      <subfield code="a">Ferdinand</subfield>
      <subfield code="b">I,</subfield>
      <subfield code="c">Holy Roman Emperor,</subfield>
      <subfield code="d">1503-1564,</subfield>
      <subfield code="e">issuing body,</subfield>
      <subfield code="e">dedicatee.</subfield>
      <subfield code="4">isb</subfield>
      <subfield code="4">dte</subfield>
      <subfield code="1">https://id.oclc.org/worldcat/entity/E39PBJdRBPFX6gWWw8D7KydxXd</subfield>
    </datafield>
    <datafield tag="700" ind1="0" ind2=" ">
      <subfield code="a">Maximilian</subfield>
      <subfield code="b">II,</subfield>
      <subfield code="c">Holy Roman Emperor,</subfield>
      <subfield code="d">1527-1576,</subfield>
      <subfield code="e">dedicatee.</subfield>
      <subfield code="4">dte</subfield>
      <subfield code="1">https://id.oclc.org/worldcat/entity/E39PBJppC76796dVYgjk8CV6Kd</subfield>
    </datafield>
    <datafield tag="700" ind1="1" ind2="2">
      <subfield code="i">Container of (work):</subfield>
      <subfield code="a">Evangelische Reichsstände.</subfield>
      <subfield code="t">Deklaration, wie es mit der Geistlichen eigenen Ritterschaft, Städt und Kommunen, so der Augsburgischen Konfession anhängig der Religion halb gehalten werden soll</subfield>
    </datafield>
    <datafield tag="700" ind1="1" ind2="2">
      <subfield code="i">Container of (work):</subfield>
      <subfield code="a">Evangelische Reichsstände.</subfield>
      <subfield code="t">Ablehnung einer summarischen Verzeichnis etlicher Erinnerungen, so man wider die Freistellung fürzubringen.</subfield>
    </datafield>
    <datafield tag="740" ind1="0" ind2="2">
      <subfield code="a">Deklaration, wie es mit der Geistlichen eigenen Ritterschaft, Städt und Kommunen, so der Augsburgischen Konfession anhängig der Religion halb gehalten werden soll</subfield>
    </datafield>
    <datafield tag="740" ind1="0" ind2="2">
      <subfield code="a">Ablehnung einer summarischen Verzeichnis etlicher Erinnerungen, so man wider die Freistellung fürzubringen.</subfield>
    </datafield>
  </record>